|
|
|
|
| LEADER |
00000nam0a2200000 4500 |
| 001 |
295088 |
| 005 |
20231102000755.0 |
| 035 |
|
|
|a (RuTPU)RU\TPU\book\320164
|
| 090 |
|
|
|a 295088
|
| 100 |
|
|
|a 20150520d1975 m y0rusy50 ca
|
| 101 |
0 |
|
|a spa
|
| 102 |
|
|
|a RU
|
| 105 |
|
|
|a a z 000zy
|
| 200 |
1 |
|
|a Освобождение
|d Liberacion
|e фотоальбом
|f Б. Полевой, К. М. Симонов, М. А. Трахман
|
| 210 |
|
|
|a Москва
|c Прогресс
|d 1974
|
| 215 |
|
|
|a 350 с.
|c ил.
|
| 510 |
1 |
|
|a Liberacion
|z spa
|
| 606 |
1 |
|
|a Великая Отечественная война 1941-1945
|2 stltpush
|3 (RuTPU)RU\TPU\subj\66603
|9 82654
|
| 610 |
1 |
|
|a история
|
| 610 |
1 |
|
|a 20 век
|
| 610 |
1 |
|
|a фоторепортажи
|
| 610 |
1 |
|
|a фашистская оккупация
|
| 610 |
1 |
|
|a советские войска
|
| 610 |
1 |
|
|a освободители
|
| 610 |
1 |
|
|a фотоальбомы
|
| 686 |
|
|
|a Т3(2)622
|v LBC/SL-A
|2 rubbk
|
| 700 |
|
1 |
|a Полевой
|b Б.
|g Борис
|
| 701 |
|
1 |
|a Симонов
|b К. М.
|c русский писатель
|c общественный деятель
|f 1915-1979
|g Константин Михайлович
|2 stltpush
|3 (RuTPU)RU\TPU\pers\12026
|9 3115
|
| 701 |
|
1 |
|a Трахман
|b М. А.
|g Михаил Анатольевич
|
| 801 |
|
1 |
|a RU
|b 63413507
|c 20150520
|
| 801 |
|
2 |
|a RU
|b 63413507
|c 20170629
|g RCR
|
| 942 |
|
|
|c BK
|